Estadísticas para Clasificación Liga Española 1976-77

Haz click aquí para intentar la prueba.

Estadísticas generales

  • Esta prueba ha sido intentada 30 veces
  • La puntuación promedio es 14 de 18

Estadísticas de respuestas

ClasificaciónEquipo% Correcto
9Real Madrid
100%
2Barcelona
96%
10Sevilla
96%
5Betis
92%
17Celta
92%
8Real Sociedad
92%
7Valencia
92%
1Atlético de Madrid
88%
6Espanyol
84%
16Zaragoza
84%
3Athletic Club
80%
18Málaga
80%
13Hércules
72%
11Elche
68%
4Las Palmas
68%
15Racing
68%
14Burgos
48%
12Salamanca
36%

Distribución de puntuación

Porcentaje por número respondido

Porcentaje de gente con cada puntuación

Historial de tus puntuaciones

No has intentado esta prueba.